|
|
|
|
| LEADER |
00769nam a2200205 i 4500 |
| 001 |
misc75831 |
| 005 |
20250115104846.0 |
| 008 |
250115s1935 hu o 000 hun d |
| 040 |
|
|
|a SZTE Miscellanea Repozitórium
|b hun
|
| 041 |
|
|
|a hun
|
| 100 |
1 |
|
|a Kendoff Károly
|
| 245 |
1 |
4 |
|a Mit rajzoljunk a földrajzi órán
|h [elektronikus dokumentum] :
|b vázlatok a földrajztanításhoz : Idegen világrészek, csillagászattan /
|c Kendoff Károly
|
| 260 |
|
|
|a Délmagyarország
|b Szeged
|c 1935
|
| 250 |
|
|
|a 2. kiadás
|
| 300 |
|
|
|a 8
|c 24 cm
|
| 490 |
0 |
|
|a A gyakorló polgári iskola könyvtára
|v 3
|
| 650 |
|
4 |
|a Társadalomtudományok
|
| 650 |
|
4 |
|a Oktatástudomány
|
| 695 |
|
|
|a Földrajz tanítása
|
| 856 |
4 |
0 |
|u http://misc.bibl.u-szeged.hu/75831/1/XB_176087.pdf
|z Dokumentum-elérés
|